Mesto Poprad dostalo medailu Chatama Sofera

Podrobná bibliografia
Ďalší autori: Marová, Marta (Fotograf)
Médium: Článok
Jazyk:slovenčina
PhysicalDescription:Fotogr.
Predmet:

MARC

LEADER 00000nab a2200000 ar4500
001 vtls009303460
003 SK-MaSNL
005 20260305014848.0
008 190925c2008 xo cr|p|||||||000 b|slo
038 |a PPPK 
040 |a PPPKCL  |b slo  |c PPPK  |e AACR2 
041 0 |a slo 
044 |a xo  |c SK 
080 |a 316.723:26:737.23:06.05  |2 2001 
080 |a 737.23:06.05  |2 2001 
245 0 0 |a Mesto Poprad dostalo medailu Chatama Sofera  |c [autor] (mar) ; foto Marta Marová 
300 |b Fotogr. 
610 2 7 |a Múzeum židovskej kultúry (Bratislava, Slovensko)  |2 pppkcl  |9 32463 
650 0 7 |a Medaila Chatama Sofera  |2 pppkcl  |9 1593350 
650 0 7 |a pamätné medaily  |2 pppkcl  |9 51482 
651 7 |a Poprad (Slovensko)  |2 pppkcl  |9 20155 
700 1 |a Marová, Marta  |4 pht  |9 526962 
773 0 |t Poprad : noviny občanov mesta  |g Roč. XIX, č. 25 (2008), s. 1 
852 |a PPPK  |b KIS3GCP 
999 |c 3271821  |d 3273751